[Event "RM-2012-0-00095"]
[Site "LSS email"]
[Date "2012.04.23"]
[Round "?"]
[White "Szabo, Mihaly"]
[Black "Bormida, Adolfo A"]
[Result "1/2-1/2"]
[WhiteElo "2199"]
[BlackElo "2306"]
[PlyCount "70"]
[EventDate "2012.03.23"]
[EventType "tourn (corr)"]
[EventRounds "6"]
[EventCountry "GER"]
[SourceTitle "Telechess CBM 155"]
[Source "ChessBase"]
[SourceDate "2013.07.16"]
[SourceVersion "1"]
[SourceVersionDate "2013.07.16"]
[SourceQuality "1"]

1. e4 e5 2. Nf3 Nc6 3. Bb5 a6 4. Ba4 Nf6 5. 0-0 Be7 6. Bxc6 dxc6 7. d3 Bd6 8. Nbd2 Be6 9. Qe2 0-0 10. Nc4 Nd7 11. Na5 Rb8 12. Ng5 Qe8 13. Bd2 f5 14. Nxe6 Qxe6 15. exf5 Rxf5 16. Kh1 Bc5 17. b4 Be7 18. a3 b6 19. Nc4 b5 20. Ne3 Rf7 21. f3 c5 22. Rfe1 cxb4 23. axb4 c5 24. bxc5 Rc8 25. c6 Qxc6 26. Ra5 Bd6 27. Ra2 Nc5 28. Ng4 Re7 29. Nf2 Qd5 30. Raa1 Ree8 31. Be3 Bf8 32. c4 Qe6 33. Reb1 bxc4 34. dxc4 Rc6 35. Ra5 Rec8 1/2-1/2

[Event "BI-2012-P-00012"]
[Site "LSS email"]
[Date "2012.04.20"]
[Round "?"]
[White "Bormida, Adolfo A"]
[Black "Grkinic, Goran"]
[Result "1-0"]
[WhiteElo "2284"]
[BlackElo "1915"]
[PlyCount "45"]
[EventDate "2012.04.22"]
[EventType "tourn (corr)"]
[EventRounds "10"]
[EventCountry "GER"]
[SourceTitle "Telechess CBM 159"]
[Source "ChessBase"]
[SourceDate "2014.03.17"]
[SourceVersion "1"]
[SourceVersionDate "2014.03.17"]
[SourceQuality "1"]

1. e4 e5 2. Nf3 Nf6 3. Nxe5 d6 4. Nf3 Nxe4 5. Nc3 Nxc3 6. dxc3 Be7 7. Bf4 0-0 8. Qd2 Bf6 9. 0-0-0 Nc6 10. h3 Be6 11. Kb1 Ne5 12. Ng5 Bxg5 13. Bxg5 Qd7 14. b3 a5 15. f4 Nc6 16. a4 Rfe8 17. g4 f6 18. Bh4 Bf7 19. Bb5 Re4 20. Rhg1 Rae8 21. Bd3 Re3 22. Bf5 Qe7 23. g5 1-0

[Event "BI-2012-P-00012"]
[Site "LSS email"]
[Date "2012.04.20"]
[Round "?"]
[White "Downs, Ray"]
[Black "Bormida, Adolfo A"]
[Result "0-1"]
[WhiteElo "1587"]
[BlackElo "2284"]
[PlyCount "48"]
[EventDate "2012.04.22"]
[EventType "tourn (corr)"]
[EventRounds "10"]
[EventCountry "GER"]
[SourceTitle "Telechess CBM 159"]
[Source "ChessBase"]
[SourceDate "2014.03.17"]
[SourceVersion "1"]
[SourceVersionDate "2014.03.17"]
[SourceQuality "1"]

1. d4 Nf6 2. c4 g6 3. Nc3 Bg7 4. e4 d6 5. Nf3 0-0 6. Be2 e5 7. 0-0 Nc6 8. d5 Ne7 9. Ne1 Nd7 10. Be3 f5 11. f3 f4 12. Bf2 g5 13. Rc1 Ng6 14. Nb5 b6 15. b4 a6 16. Nc3 Rf7 17. Nd3 Bf8 18. c5 Rg7 19. cxb6 cxb6 20. Nb2 Nf6 21. Kh1 h5 22. Nca4 b5 23. Nb6 Rb8 24. a4 g4 0-1

[Event "BI-2012-P-00012"]
[Site "LSS email"]
[Date "2012.04.20"]
[Round "?"]
[White "Krakovsky, Peter"]
[Black "Bormida, Adolfo A"]
[Result "1/2-1/2"]
[WhiteElo "1813"]
[BlackElo "2284"]
[PlyCount "74"]
[EventDate "2012.04.22"]
[EventType "tourn (corr)"]
[EventRounds "10"]
[EventCountry "GER"]
[SourceTitle "Telechess CBM 159"]
[Source "ChessBase"]
[SourceDate "2014.03.17"]
[SourceVersion "1"]
[SourceVersionDate "2014.03.17"]
[SourceQuality "1"]

1. e4 c6 2. d4 d5 3. Nd2 dxe4 4. Nxe4 Bf5 5. Ng3 Bg6 6. h4 h6 7. Nf3 Nf6 8. Ne5 Bh7 9. Bd3 Bxd3 10. Qxd3 e6 11. Bd2 Nbd7 12. f4 Be7 13. 0-0-0 0-0 14. Qf3 Qc7 15. Kb1 a5 16. Ne2 h5 17. g4 Nxg4 18. Nxg4 hxg4 19. Qxg4 f5 20. Qg3 Nf6 21. h5 Ng4 22. h6 Bf6 23. hxg7 Kxg7 24. Nc3 Rh8 25. Ne4 Kf7 26. Rdg1 Rag8 27. Rxh8 Bxh8 28. Ng5+ Rxg5 29. fxg5 Qxg3 30. Rxg3 Bxd4 31. Kc1 Kg6 32. Bxa5 Kxg5 33. a4 f4 34. Rb3 e5 35. Bc3 Bc5 36. Rxb7 f3 37. Rg7+ Kh5 1/2-1/2

[Event "RM-2012-0-00094"]
[Site "LSS email"]
[Date "2012.04.15"]
[Round "?"]
[White "Bormida, Adolfo A"]
[Black "Orlov, Vladimir Borisovich"]
[Result "1-0"]
[WhiteElo "2296"]
[BlackElo "2184"]
[PlyCount "141"]
[EventDate "2012.03.06"]
[EventType "tourn (corr)"]
[EventRounds "6"]
[EventCountry "GER"]
[SourceTitle "Telechess CBM 153"]
[Source "ChessBase"]
[SourceDate "2013.03.14"]
[SourceVersion "1"]
[SourceVersionDate "2013.03.14"]
[SourceQuality "1"]

1. e4 e6 2. d4 d5 3. Nc3 Nf6 4. e5 Nfd7 5. f4 c5 6. Nf3 Nc6 7. Be3 Be7 8. Qd2 0-0 9. dxc5 Bxc5 10. 0-0-0 Qa5 11. a3 a6 12. Kb1 Bxe3 13. Qxe3 b5 14. Bd3 h6 15. Nd2 Qc7 16. Nb3 Rb8 17. g4 b4 18. axb4 Nxb4 19. Rhg1 Qb6 20. Qxb6 Nxb6 21. g5 Nxd3 22. cxd3 Nd7 23. Ka2 hxg5 24. Rxg5 f6 25. exf6 Nxf6 26. Ne2 Rf7 27. Nbd4 Rc7 28. Kb1 Ne8 29. h4 Rb4 30. h5 Kh7 31. Rd2 a5 32. Nf3 Nd6 33. Ned4 Nf5 34. Nxf5 exf5 35. Rg6 Re7 36. d4 Bd7 37. Rd6 Be8 38. Ne5 a4 39. Ka2 Rb5 40. Rg2 Reb7 41. Nf3 Rb8 42. Ng5+ Kh8 43. h6 Rb3 44. Nf3 R3b7 45. hxg7+ Rxg7 46. Rh6+ Rh7 47. Rf6 Bb5 48. Ne5 Rg7 49. Rc2 Kg8 50. Rxf5 Be8 51. Rc5 a3 52. b3 Rg2+ 53. Kxa3 Ra8+ 54. Kb4 Rb8+ 55. Kc3 Rg3+ 56. Kc2 Rg2+ 57. Kc1 Rg1+ 58. Kb2 Ba4 59. Rc3 Bxb3 60. Rg5+ Rxg5 61. fxg5 Bc4+ 62. Kc2 Bf1 63. Kd2 Bg2 64. Rc7 Rb3 65. Ng4 Rg3 66. Nf6+ Kf8 67. Rc3 Rxc3 68. Kxc3 Bf3 69. Kd2 Kf7 70. Ke3 Bh1 71. Kf4 1-0

[Event "RM-2012-0-00094"]
[Site "LSS email"]
[Date "2012.04.14"]
[Round "?"]
[White "Bormida, Adolfo A"]
[Black "Szabo, Mihaly"]
[Result "1/2-1/2"]
[WhiteElo "2296"]
[BlackElo "2207"]
[PlyCount "53"]
[EventDate "2012.03.06"]
[EventType "tourn (corr)"]
[EventRounds "6"]
[EventCountry "GER"]
[SourceTitle "Telechess CBM 153"]
[Source "ChessBase"]
[SourceDate "2013.03.14"]
[SourceVersion "1"]
[SourceVersionDate "2013.03.14"]
[SourceQuality "1"]

1. e4 e5 2. Nf3 Nc6 3. d4 exd4 4. Bc4 Nf6 5. e5 d5 6. Bb5 Ne4 7. Nxd4 Bd7 8. Bxc6 bxc6 9. 0-0 Be7 10. f3 Nc5 11. f4 0-0 12. f5 Re8 13. Nc3 Ne4 14. Nxe4 dxe4 15. Nb3 Bf8 16. Bf4 Bxf5 17. Qxd8 Raxd8 18. Bg5 g6 19. Bxd8 Rxd8 20. Rad1 Re8 21. Nd4 Rxe5 22. Nxf5 gxf5 23. g3 Bd6 24. Kg2 Kg7 25. Rd4 Rc5 26. Rf2 Kg6 27. Ra4 1/2-1/2